banner-ar

MICROCOMPUTER THEORY AND SERVICING, 2ND ED / (Record no. 20965)

MARC details
000 -الفاتح
حقل البيانات ثابتة الطول 00513nam a2200181Ia 4500
008 - عناصر البيانات ثابتة الطول - معلومات عامة
حقل البيانات ثابتة الطول 140319s9999 xx 000 0 eng d
040 ## - مصدر الفهرسة
وكالة الفهرسة الأصلية GCL /
وكالة النسخ GCL
082 04 - رقم تصنيف ديوى العشرى
رقم التصنيف 621.391
رقم المادة A M
100 1# - المدخل الرئيسى - إسم شخصى
الإسم الشخصى STIGLIANO, VINCENT
245 10 - بيان العنوان
العنوان MICROCOMPUTER THEORY AND SERVICING, 2ND ED /
بيان المسئوليه,etc STIGLIANO, VINCENT
700 1# - المدخل الاضافى - اسم شخصى
الإسم الشخصى BAHRENBURG, RICHARD
700 1# - المدخل الاضافى - اسم شخصى
الإسم الشخصى ASSER, STUART
260 ## - PUBLICATION, DISTRIBUTION, ETC. (IMPRINT)
تاريخ النشر أو التوزيع 1993
300 ## - الوصف المادى
التعداد 765 P
650 04 - المدخل الاضافى بالموضوع-مصطلح موضوعى
مصطلح موضوعي MICRO COMPUTER MAINTENANCE
942 ## - عناصر المدخل الإضافي( كوها)
مصدر التصنيف او مخطط الترفيف Dewey Decimal Classification
Koha [default] item type كتاب
260 ## - PUBLICATION, DISTRIBUTION, ETC. (IMPRINT)
-- [S.N] :
-- MACMILLAN PUBBISHING CO ،
Holdings
حالة التراجع حالة الفقد حالة تلف ليس للاعارة المكان المؤقت الموقع الحالى تاريخ الاكتساب اجمالي اﻻعارات رقم الطلب الباركود تاريخ اخر مشاهدة تاريخ تفعيل السعر نوع وعاء كوها
        مكتبة القاهرة الكبرى مكتبة القاهرة الكبرى 03/26/2014   621.391\A M 39005 03/26/2014 03/26/2014 كتاب

Powered By

EGPV